000 00848nam a2200229Ii 4500
003 JO-AjNU
008 230605s9999||||xx |||||||||||||| ||und||
017 _a2004/8/1958
020 _a9957-11-566-9
040 _aJO-AjNU
_bara
_erda
_cJO-AjNU
041 _aara
050 1 4 _aHD30.213.H35.2005
100 3 _aالحميدي،نجم عبدالله/عبدالرحمن الاحمد العبيد/سلوى امين السامرائي,
_eauthor
_928417
245 0 0 _aنظم المعلومات الادارية مدخل معاصر
250 _aط1
264 3 1 _aعمان:دار وائل للنشر والتوزيع،2005
300 _a357ص
336 _atext
_btxt
_2rdacontent
337 _aunmediated
_bn
_2rdamedia
338 _avolume
_bnc
_2rdacarrier
650 4 _aادارة الاعمال-نظم المعلومات الادارية
_928418
999 _aA11020
_c14588
_d14588